000 01440nam a22003857a 4500
003 CHAP
005 20220329135657.0
008 971013s1960 r 00010 d
010 _a40387
011 _a41359
035 _a45485
040 _cCHAP
082 _a382
_bM6
100 0 0 _aMoret, Michel.
_978761
245 _aIntercambio internacional
260 _aMadrid :
_bTecnos,
_c1960
300 _a275 p
490 _aColección de ciencias sociales
_v; 6
590 _aBATCH-UPD
_b10
_c20130110
_lUCH01
_h1333
590 _aBATCH-UPD
_b10
_c20130410
_lUCH01
_h0837
590 _aBATCH-UPD
_b10
_c20130914
_lUCH01
_h1003
590 _aCONVERSION
_b10
_c20130109
_lUCH01
_h1322
650 1 4 _aComercio internacional.
_925641
830 0 _aColección de ciencias sociales
_v; 6
_924783
901 _aBK
942 _cLIBRO
949 _a382 M6
_bBC
_cLIBRO
_d33724000431375
_eLIBRO
_fc.5
_h7002
_i45485
_si
949 _a382 M6
_bBC
_cLIBRO
_d33724000431383
_eLIBRO
_fc.3
_h7000
_i45485
_si
949 _a382 M6
_bBC
_cLIBRO
_d33724000431391
_eLIBRO
_fc.2
_h7099
_i45485
_si
949 _a382 M6
_bBC
_cLIBRO
_d33724000431409
_eLIBRO
_h7098
_i45485
_si
949 _a382 M6
_bBC
_cLIBRO
_d33724000431490
_eLIBRO
_fc.4
_h7001
_i45485
_si
949 _a382 M6
_bBC
_cLIBRO
_d33724000431540
_eLIBRO
_fc.8
_h7005
_i45485
_si
949 _a382 M6
_bBC
_cLIBRO
_d33724000431557
_eLIBRO
_fc.7
_h7004
_i45485
_si
949 _a382 M6
_bBC
_cLIBRO
_d33724000431565
_eLIBRO
_fc.6
_h7003
_i45485
_si
999 _c40387
_d40387